| 000 | 00382cam a2200145ua 4500 | ||
|---|---|---|---|
| 003 | OSt | ||
| 008 | 240216b |||||||| |||| 00| 0 eng d | ||
| 041 | _aeng | ||
| 082 |
_a551.492 _bJAN/WA |
||
| 100 |
_aJana, B.L . _96049 |
||
| 245 | _aWater harvesting and watershed management / | ||
| 260 |
_aUdaypur : _bAgro-tech publishing academy , _c2008. |
||
| 300 | _a576 ; . | ||
| 942 | _cBK | ||
| 999 |
_c13138 _d13138 |
||